| 000 | 00895cam a2200193 4500 | ||
|---|---|---|---|
| 001 | ABS65452 | ||
| 008 | 020508n2002 000 0 eng u | ||
| 035 | _a(Sirsi) u117872 | ||
| 100 | _aOsment, F | ||
| 245 | 2 | _aA matter of context | |
| 260 | _c2002 | ||
| 490 |
_aLandscape Design _v 309 April 2002, 16-18(2) |
||
| 520 | _aExamines whether an alternative approach to regional identity must be undertaken for benefit of landscape environment and people. Two concepts of regional identity are highlighted, romantic-modernist; and view of place as expression of social, economic and natural processes. Recommends adoption of sustainable development to create new regional identities to reflect positive, creative and pragmatic response to place. | ||
| 590 | _aABS | ||
| 650 | _aLANDSCAPE ARCHITECTURE | ||
| 650 | _aREGIONAL LANDSCAPES | ||
| 690 | _aRURAL-NATURE CONSERVATION | ||
| 942 | _n0 | ||
| 999 |
_c70195 _d70195 |
||